Statistics for Plain vertical tricolour flags of the world

Click here to take the quiz!

General Stats

  • This quiz has been taken 16 times
  • The average score is 7 of 10

Answer Stats

Answer% Correct
France
100%
Italy
93%
Belgium
79%
Romania
79%
Ireland
64%
Guinea
57%
Ivory Coast
57%
Chad
50%
Mali
50%
Nigeria
50%

Score Distribution

Percentile by Number Answered

Percent of People with Each Score

Your Score History

You have not taken this quiz